| Tag |
First Indicator |
Second Indicator |
Subfields |
| LEADER |
00000cam a2200000 a 4500 |
| 001 |
in00002743321 |
| 005 |
20211120163748.0 |
| 006 |
m d f |
| 007 |
cr cn||||||||| |
| 008 |
111220s2011 vauab ob f000 0 eng c |
| 035 |
|
|
|a (OCoLC)ocn768837556
|
| 040 |
|
|
|a GPO
|c GPO
|d GPO
|d MvI
|d UtOrBLW
|
| 042 |
|
|
|a pcc
|
| 043 |
|
|
|a n-us-in
|
| 049 |
|
|
|a WWW
|
| 074 |
|
|
|a 0624-B-02 (online)
|
| 086 |
0 |
|
|a I 19.42/4-4:2011-5138
|
| 245 |
0 |
0 |
|a Observed and forecast flood-inundation mapping application :
|b a pilot study of an eleven-mile reach of the White River, Indianapolis, Indiana /
|c by Moon H. Kim [and others] ; prepared in cooperation with the City of Indianapolis [and others].
|
| 264 |
|
1 |
|a Reston, Va. :
|b U.S. Dept. of the Interior, U.S. Geological Survey,
|c 2011.
|
| 300 |
|
|
|a 1 online resource (vii, 63 pages) :
|b color illustrations, color maps.
|
| 336 |
|
|
|a text
|b txt
|2 rdacontent
|
| 337 |
|
|
|a computer
|b c
|2 rdamedia
|
| 338 |
|
|
|a online resource
|b cr
|2 rdacarrier
|
| 490 |
1 |
|
|a Scientific investigations report ;
|v 2011-5138
|
| 500 |
|
|
|a Title from title screen (viewed on Dec. 20, 2011).
|
| 504 |
|
|
|a Includes bibliographical references (pages 23-24).
|
| 500 |
|
|
|a Electronic resource.
|
| 650 |
|
0 |
|a Flood forecasting.
|
| 650 |
|
0 |
|a Floods
|z Indiana
|z White River (River)
|
| 651 |
|
0 |
|a White River (Ind. : River)
|
| 700 |
1 |
|
|a Kim, Moon H.
|q (Moon Ho)
|
| 710 |
1 |
|
|a Indianapolis (Ind.)
|
| 710 |
2 |
|
|a Geological Survey (U.S.)
|
| 776 |
0 |
8 |
|i Print version:
|t Observed and forecast flood-inundation mapping application
|w (OCoLC)761319544
|
| 830 |
|
0 |
|a Scientific investigations report ;
|v 2011-5138.
|
| 856 |
4 |
0 |
|u https://purl.fdlp.gov/GPO/gpo16691
|t 0
|
| 999 |
|
|
|a MARS
|
| 999 |
f |
f |
|s 4356de46-2c5c-3d70-9416-19bedb7ac159
|i c47ab64a-d5c1-3e35-bf14-74b1c0912c3c
|t 0
|
| 952 |
f |
f |
|a Texas A&M University
|b College Station
|c Electronic Resources
|d Available Online
|t 0
|e I 19.42/4-4:2011-5138
|h Superintendent of Documents classification
|
| 998 |
f |
f |
|a I 19.42/4-4:2011-5138
|t 0
|l Available Online
|